000 01837cam a2200505 a 4500
001 22027
003 VRT
005 20260317163411.0
008 240226s1998 xo er 000 f slo
015 _aSNBA1999/07-02499
020 _a8085218631
_q(viaz.)
035 _aSNK000312960
035 _aurn:nbn:sk:snk-amkj6c
035 _aurn:nbn:sk:snk-am008hqn
035 _a1C8B45DC-9D34-4498-B5AF-31DA46DBAA7A
039 9 _a202402261847
_bVLOAD
_c202205171033
_dmsnk167
_c202205120801
_dVLOAD
_c202112302016
_dAUTHORITY
040 _aSNK
_bslo
_cSNK
_dSAVUK
_eAACR2
041 1 _aslo
_heng
044 _axo
_cSK
072 7 _a821.111-3
_xAnglická próza, anglicky písaná
_2konspekt
080 _a821.111(415)-31
_22011
080 _a82-311.4
_22011
080 _a(0:82-312.5)
_22011
100 1 _aEdmonds, Lucinda,
_d1965-2021
_4aut
240 1 0 _aLosing you
_lSlovensky
245 1 0 _aAk ťa stratím
_cLucinda Edmonds ; [z anglického originálu Losing you ... preložila Marta Kastlová]
250 _a1. vyd.
260 _aBratislava
_bRemedium
_c1998
300 _a320 s.
_c22 cm
655 7 _aírske romány (anglicky)
_2SNKPH
655 7 _aľúbostné romány
_2SNKPH
655 7 _aspoločenské romány
_2SNKPH
655 7 _aIrish fiction (English)
_2SNKPHeng
655 7 _aLove novels
_2SAVUKPHeng
700 1 _aKastlová, Marta
_4trl
910 _asnk
942 _2ddc
_cKLDO
_n0
949 _6273K0110034
_asvkpoA 175133
_bsvkpo435962
949 _62889178629
_asavukPV 1601
949 _64710702269
_astrmkB
_bstrmk2008/2269
949 _6270001000009914
_asvkbbA 98351
_bsvkbbm 623148
949 _63869A00556
_abpksh820-31
_bbpksh50639
949 _617A0187840
_9P60, <03>, [BOOK], {603}
_asnkSC 98239
_bsnkKSP 3654/99
_s6100:20140925
949 _617A0187841
_9P60, <05>, [BOOK], {605}
_asnkSC 98239 D1
_bsnkKSP 3655/99
999 _c22027
_d22027